[Event "Team junior-boys chess final 2017"]
[Site "Sochi"]
[Date "2017.05.02"]
[Round "2.2"]
[White "Terzyan, Nazar"]
[Black "Grachev, Alexey"]
[Result "0-1"]
[WhiteElo "1715"]
[BlackElo "2147"]
[PlyCount "50"]
[EventDate "2017.05.01"]

1. e4 c5 2. Nf3 Nc6 3. d4 cxd4 4. Nxd4 Nf6 5. Nc3 d6 6. Bg5 e6 7. Qd2 Be7 8.
O-O-O O-O 9. Nxc6 bxc6 10. Bxf6 Bxf6 11. Qxd6 Qb6 12. Qg3 Rb8 13. b3 Qa5 14.
Kb2 Rb4 15. Re1 Bd4 16. a3 Rb6 17. Bc4 Ba6 18. Bxa6 Rxa6 19. Ra1 e5 20. Rhd1
Rb6 21. Rd3 c5 22. Rad1 Ra6 23. a4 Qb4 24. Ka2 c4 25. Nd5 Rxa4+ 0-1

[Event "Team junior-boys chess final 2017"]
[Site "Sochi"]
[Date "2017.05.02"]
[Round "2.2"]
[White "Minachev, Maksim"]
[Black "Kalaychev, Nodis"]
[Result "1-0"]
[WhiteElo "1956"]
[BlackElo "1490"]
[PlyCount "109"]
[EventDate "2017.05.01"]

1. e4 e5 2. Nf3 Nc6 3. Nc3 Nf6 4. Be2 Bb4 5. Nd5 Nxe4 6. Nxb4 Nxb4 7. d3 Nf6 8.
Nxe5 d6 9. Nf3 O-O 10. O-O Re8 11. a3 Nc6 12. Re1 Bg4 13. Bg5 h6 14. Bh4 Re6
15. Qd2 Qe7 16. Nd4 Nxd4 17. Bxg4 Rxe1+ 18. Rxe1 Qd8 19. Bd1 Nf5 20. Bg3 Nxg3
21. hxg3 Qd7 22. Bf3 Rb8 23. Re2 b5 24. Qe1 Re8 25. Rxe8+ Nxe8 26. Qa5 c6 27.
Qa6 d5 28. a4 Nd6 29. axb5 Nxb5 30. Qa4 Qe7 31. Bxd5 cxd5 32. Qxb5 Qe1+ 33. Kh2
Qxf2 34. Qxd5 Qxc2 35. Qd8+ Kh7 36. Qd4 Qc7 37. b4 Qb7 38. Qc5 a6 39. d4 f6 40.
d5 Qf7 41. d6 f5 42. Qd4 Qd7 43. Qd3 Kg8 44. Qxa6 Kf7 45. Qc4+ Qe6 46. Qc7+ Ke8
47. b5 Qd7 48. Qc5 Kd8 49. b6 Qf7 50. Kg1 Qd7 51. Qd5 Qc8 52. b7 Qc1+ 53. Kh2
Qb2 54. Qg8+ Kd7 55. Qc8+ 1-0

[Event "Team junior-boys chess final 2017"]
[Site "Sochi"]
[Date "2017.05.02"]
[Round "2.3"]
[White "Shubin, Kirill"]
[Black "Stukan, Martin"]
[Result "1/2-1/2"]
[WhiteElo "2287"]
[BlackElo "1972"]
[PlyCount "70"]
[EventDate "2017.05.01"]

1. d4 Nf6 2. c4 g6 3. Nc3 c5 4. d5 d6 5. e4 Bg7 6. Be2 O-O 7. Nf3 e6 8. O-O
exd5 9. cxd5 Re8 10. Nd2 a6 11. a4 Nbd7 12. f4 Nf8 13. Bf3 h5 14. Nc4 Ng4 15.
g3 b6 16. h3 Nh6 17. Bg2 Rb8 18. Be3 Qc7 19. e5 Nf5 20. Bf2 b5 21. axb5 axb5
22. Nxd6 Nxd6 23. exd6 Qxd6 24. Re1 Rxe1+ 25. Qxe1 f5 26. Ra5 Bd7 27. Kh1 c4
28. Qa1 Qb4 29. Bf3 Re8 30. Ra7 h4 31. gxh4 Qd6 32. Ne2 Qb4 33. Nc3 Qd6 34. Ne2
Qb4 35. Nc3 Qd6 1/2-1/2

[Event "Team junior-boys chess final 2017"]
[Site "Sochi"]
[Date "2017.05.02"]
[Round "2.3"]
[White "Tsvetkov, Andrey"]
[Black "Zemnitskiy, Alexander"]
[Result "1-0"]
[WhiteElo "2066"]
[BlackElo "2010"]
[PlyCount "63"]
[EventDate "2017.05.01"]

1. d4 d5 2. c4 Nc6 3. Nc3 dxc4 4. d5 Ne5 5. Qd4 Ng6 6. e4 e5 7. Qxc4 a6 8. Be3
Nf6 9. f3 Bd6 10. O-O-O h5 11. g3 h4 12. Bg2 b5 13. Qb3 Bd7 14. Nge2 b4 15. Na4
Bb5 16. Qc2 Nd7 17. Kb1 Nb6 18. Nxb6 cxb6 19. Rhf1 a5 20. f4 a4 21. Qd2 Qe7 22.
Rf2 b3 23. a3 Bc4 24. f5 Nf8 25. Nc3 b5 26. Bf1 Bxf1 27. Rfxf1 b4 28. axb4 Nd7
29. f6 gxf6 30. Nb5 Bxb4 31. Qc1 Bd6 32. Qc6 1-0

[Event "Team junior-boys chess final 2017"]
[Site "Sochi"]
[Date "2017.05.02"]
[Round "2.3"]
[White "Postnikov, Roman"]
[Black "Perov, German"]
[Result "0-1"]
[WhiteElo "2082"]
[BlackElo "1944"]
[PlyCount "86"]
[EventDate "2017.05.01"]

1. d4 d5 2. Nf3 e6 3. Bf4 c6 4. e3 f5 5. Bd3 Nf6 6. h3 Be7 7. Nbd2 O-O 8. Ne5
Ne4 9. O-O Nd7 10. f3 Nxd2 11. Qxd2 c5 12. c3 c4 13. Bc2 Nxe5 14. Bxe5 Bd6 15.
Bxd6 Qxd6 16. e4 b5 17. Rae1 Bd7 18. Qg5 h6 19. Qh5 Qf4 20. exf5 exf5 21. Re5
Be8 22. Qxf5 Rxf5 23. Bxf5 Bf7 24. Rfe1 g6 25. Be6 Bxe6 26. Rxe6 Rf8 27. Rxg6+
Kh7 28. Rge6 Rf7 29. R1e2 b4 30. Kf2 a5 31. R6e5 bxc3 32. bxc3 Qc1 33. R5e3 a4
34. Re1 Qb2+ 35. R1e2 Qb8 36. Re5 Rb7 37. Kg1 Qd6 38. g4 a3 39. f4 Rb1+ 40. Kg2
Rb2 41. Kf3 Rxe2 42. Rxe2 Qb6 43. f5 Qb2 0-1

[Event "Team junior-boys chess final 2017"]
[Site "Sochi"]
[Date "2017.05.02"]
[Round "2.3"]
[White "Tarasov, Danila"]
[Black "Ismagilov, Damir"]
[Result "0-1"]
[WhiteElo "1744"]
[BlackElo "2132"]
[PlyCount "52"]
[EventDate "2017.05.01"]

1. e4 c5 2. Nf3 Nc6 3. d4 cxd4 4. Nxd4 Nf6 5. Nc3 e6 6. Nxc6 bxc6 7. e5 Nd5 8.
Ne4 Qc7 9. f4 Qb6 10. c4 Ne3 11. Qd3 Bb4+ 12. Bd2 Ba6 13. b3 O-O 14. Bxb4 Qxb4+
15. Ke2 Nxc4 16. Nf2 Bb5 17. Qg3 Nxe5+ 18. Kd1 Qd4+ 19. Kc2 Qxa1 20. Bxb5 Qxa2+
21. Kc3 cxb5 22. fxe5 Rac8+ 23. Kd4 Qb2+ 24. Ke4 d5+ 25. Kf4 Qd4+ 26. Kg5 h6+
0-1

[Event "Team junior-boys chess final 2017"]
[Site "Sochi"]
[Date "2017.05.02"]
[Round "2.4"]
[White "Kirushin, Ivan"]
[Black "Kuznetsov, Sergey"]
[Result "1-0"]
[WhiteElo "1640"]
[BlackElo "1517"]
[PlyCount "41"]
[EventDate "2017.05.01"]

1. e4 e6 2. d4 d5 3. Bd3 dxe4 4. Bxe4 Nf6 5. Bf3 c5 6. Ne2 Nc6 7. Be3 Nd5 8.
Bxd5 Qxd5 9. Nbc3 Qxg2 10. Rg1 Qf3 11. Nb5 Rb8 12. dxc5 Bd7 13. Qd2 a6 14.
O-O-O Ne5 15. Nd6+ Ke7 16. Rg5 f6 17. Rxe5 fxe5 18. Bg5+ Qf6 19. Bxf6+ gxf6 20.
Nf5+ exf5 21. Qxd7# 1-0

[Event "Team junior-boys chess final 2017"]
[Site "Sochi"]
[Date "2017.05.02"]
[Round "2.4"]
[White "Sargsyan, Anatoly"]
[Black "Goncharova, Sofiya"]
[Result "0-1"]
[WhiteElo "1702"]
[BlackElo "1034"]
[PlyCount "164"]
[EventDate "2017.05.01"]

1. d4 d5 2. Bf4 Nc6 3. e3 Nf6 4. Nf3 e6 5. c3 Bd6 6. Bg3 O-O 7. Nbd2 Re8 8. Ne5
Bd7 9. f4 Ne4 10. Nxe4 dxe4 11. Qh5 Bxe5 12. fxe5 Rc8 13. Qg4 f6 14. exf6 Qxf6
15. Qxe4 b6 16. Bd3 Qf5 17. Qxf5 exf5 18. Kd2 Ne7 19. Bc4+ Kh8 20. Rhf1 Bc6 21.
Rf2 Bb7 22. Be6 Rcd8 23. Bxc7 Nd5 24. Bxd8 Rxe6 25. Rxf5 Kg8 26. Raf1 Re8 27.
Bg5 h6 28. Bf4 Ba6 29. Rf2 Bb7 30. Rf3 Nf6 31. Rh3 Bc8 32. Rxf6 Bxh3 33. Rg6
Bf5 34. Rd6 Be4 35. g3 Rf8 36. Rd7 g5 37. Be5 Rf2+ 38. Ke1 Rxh2 39. c4 Rxb2 40.
Rxa7 Rc2 41. Ra4 Rc1+ 42. Kd2 Rc2+ 43. Kd1 Rb2 44. d5 Bc2+ 45. Kc1 Bxa4 46.
Kxb2 h5 47. Bc7 h4 48. gxh4 gxh4 49. Bxb6 h3 50. Bc7 Kf7 51. e4 Ke7 52. Bg3 Kd7
53. e5 Ke7 54. e6 Kd8 55. c5 Ke7 56. c6 Kd8 57. c7+ Kc8 58. d6 Bc6 59. d7+ Bxd7
60. exd7+ Kxd7 61. a4 h2 62. a5 h1=Q 63. a6 Qa8 64. Be5 Qxa6 65. Kc3 Qa1+ 66.
Kd3 Qxe5 67. Kc4 Qxc7+ 68. Kd5 Qd6+ 69. Ke4 Ke6 70. Ke3 Kd7 71. Ke4 Kc6 72. Kf5
Qe7 73. Kf4 Kd5 74. Kf3 Qe4+ 75. Kf2 Kd4 76. Kg3 Qf5 77. Kg2 Ke3 78. Kg3 Qf4+
79. Kg2 Ke2 80. Kh1 Qg5 81. Kh2 Kf2 82. Kh3 Qg3# 0-1

[Event "Team junior-boys chess final 2017"]
[Site "Sochi"]
[Date "2017.05.02"]
[Round "2.5"]
[White "Nesterov, Arseniy"]
[Black "Kuzmin, Roman"]
[Result "1-0"]
[WhiteElo "2324"]
[BlackElo "1806"]
[PlyCount "83"]
[EventDate "2017.05.01"]

1. d4 d5 2. c4 c6 3. e3 Nf6 4. Nc3 Bf5 5. cxd5 cxd5 6. Qb3 Nc6 7. Qxb7 Bd7 8.
Qb3 Rb8 9. Qd1 e5 10. dxe5 Nxe5 11. Nge2 Bd6 12. Nf4 O-O 13. Be2 Bc6 14. O-O
Qc7 15. Ncxd5 Nxd5 16. Nxd5 Bxd5 17. Qxd5 Rfd8 18. Qe4 Rb4 19. Qf5 g6 20. Qh3
Qc2 21. Bd1 Qd3 22. Bb3 Bc7 23. f4 Nc4 24. f5 Bb6 25. fxg6 hxg6 26. Qf3 Rd7 27.
Re1 a5 28. Rd1 Rxb3 29. Rxd3 Rbxd3 30. Qc6 Rd1+ 31. Kf2 Rc7 32. Qa8+ Kh7 33.
Ke2 Rd6 34. b3 Ne5 35. Qe4 f6 36. Ba3 Rdc6 37. Rd1 Rc8 38. Rd6 Bd8 39. Rxc6
Rxc6 40. Bb2 Rc5 41. Bd4 Rb5 42. a4 1-0

[Event "Team junior-boys chess final 2017"]
[Site "Sochi"]
[Date "2017.05.02"]
[Round "2.5"]
[White "Gavrilin, Roman"]
[Black "Tsoi, Dmitry"]
[Result "0-1"]
[WhiteElo "1668"]
[BlackElo "2305"]
[PlyCount "80"]
[EventDate "2017.05.01"]

1. e4 d6 2. d4 Nf6 3. Nc3 Nbd7 4. Be3 e5 5. Qd2 Be7 6. f3 c6 7. g4 b5 8. O-O-O
b4 9. Nce2 Qa5 10. Kb1 Nb6 11. Nc1 Be6 12. h4 exd4 13. Bxd4 c5 14. Be3 c4 15.
g5 c3 16. Qd3 Nc4 17. Nb3 Qa4 18. Nd4 Nd2+ 19. Kc1 Qxa2 20. bxc3 Bc4 21. Kxd2
Bxd3 22. Bxd3 bxc3+ 23. Ke2 Nh5 24. Kf2 O-O 25. Nge2 Qa5 26. Nf5 Bd8 27. Ra1
Qc7 28. Rhb1 d5 29. Nfg3 Nxg3 30. Nxg3 f6 31. exd5 fxg5 32. hxg5 Qe5 33. Rb7
Bxg5 34. Bxg5 Qxg5 35. Rh1 Qd2+ 36. Ne2 h6 37. d6 Rae8 38. Rg1 g5 39. Rh1 Qe3+
40. Ke1 Qc1+ 0-1

[Event "Team junior-boys chess final 2017"]
[Site "Sochi"]
[Date "2017.05.02"]
[Round "2.5"]
[White "Kopylov, Artem"]
[Black "Makoveev, Ilya"]
[Result "0-1"]
[WhiteElo "1481"]
[BlackElo "2246"]
[PlyCount "56"]
[EventDate "2017.05.01"]

1. d4 Nf6 2. c4 e6 3. g3 c6 4. Nf3 d5 5. Bg2 Be7 6. O-O O-O 7. Qc2 b6 8. Rd1
Ba6 9. Ne5 Nfd7 10. b3 Nxe5 11. dxe5 Nd7 12. Bb2 f6 13. cxd5 cxd5 14. e4 Rc8
15. Qd2 fxe5 16. exd5 Bc5 17. Kh1 Rxf2 18. Qe1 Bb7 19. Rd2 Rxg2 20. Kxg2 Bxd5+
21. Rxd5 exd5 22. Bxe5 Qe8 23. Bc3 Qxe1 24. Bxe1 Bd4 25. Nc3 Bxc3 26. Rc1 d4
27. Bf2 Re8 28. Rc2 Nc5 0-1

[Event "Team junior-boys chess final 2017"]
[Site "Sochi"]
[Date "2017.05.03"]
[Round "3.1"]
[White "Kuzmin, Roman"]
[Black "Murtazin, Ruslan"]
[Result "1-0"]
[WhiteElo "1806"]
[BlackElo "2411"]
[PlyCount "87"]
[EventDate "2017.05.01"]

1. e4 c5 2. Nf3 Nc6 3. d4 cxd4 4. Nxd4 e6 5. Nc3 Qc7 6. Be2 a6 7. O-O Nf6 8.
Be3 Be7 9. f4 d6 10. Kh1 O-O 11. Bf3 Bd7 12. Qe1 Nxd4 13. Bxd4 e5 14. fxe5 dxe5
15. Qg3 Bd6 16. Be3 Bc6 17. Rae1 Kh8 18. h4 b5 19. a3 a5 20. Bc1 b4 21. axb4
axb4 22. Nd1 b3 23. c3 Qb7 24. Nf2 Ra4 25. h5 h6 26. Rd1 Bc7 27. Nd3 Nxe4 28.
Bxe4 Bxe4 29. Nc5 Bxg2+ 30. Qxg2 Rh4+ 31. Kg1 Qa7 32. Be3 Bb6 33. Rd5 Rc8 34.
Qg3 Rc4 35. Rd7 Qa2 36. Rfxf7 Qb1+ 37. Kg2 Qc2+ 38. Bf2 Rg8 39. Rxg7 Rf8 40.
Rh7+ Qxh7 41. Qxe5+ Kg8 42. Qg3+ Kh8 43. Rxh7+ Kxh7 44. Qg6+ 1-0

[Event "Team junior-boys chess final 2017"]
[Site "Sochi"]
[Date "2017.05.03"]
[Round "3.1"]
[White "Ismailov, Amir"]
[Black "Gavrilin, Roman"]
[Result "0-1"]
[WhiteElo "1897"]
[BlackElo "1668"]
[PlyCount "90"]
[EventDate "2017.05.01"]

1. c4 Nf6 2. g3 e6 3. Bg2 d5 4. d4 Be7 5. Nf3 O-O 6. O-O c6 7. Nbd2 b6 8. Qc2
Bb7 9. b3 Nbd7 10. Bb2 c5 11. Rac1 Rc8 12. Rfd1 Qc7 13. cxd5 exd5 14. Qf5 Rfe8
15. Ne5 Bd6 16. Ndf3 h6 17. Bh3 Rcd8 18. e3 Bc8 19. Qc2 Nxe5 20. dxe5 Bxh3 21.
exf6 Bg4 22. Qe2 d4 23. Rxd4 cxd4 24. Rxc7 Bxc7 25. Kg2 d3 26. Qd2 Bxf3+ 27.
Kxf3 Be5 28. Bxe5 Rxe5 29. fxg7 Rc5 30. e4 Kxg7 31. e5 Rxe5 32. b4 a5 33. a3
axb4 34. axb4 b5 35. Kg2 Red5 36. h4 Rd4 37. Kh3 Rc4 38. Qb2+ Rdd4 39. Qd2 Rxb4
40. h5 Rbc4 41. f4 Rd5 42. Kg4 Rc2 43. Qd1 d2 44. Qa1+ Kh7 45. Qf6 d1=Q+ 0-1

[Event "Team junior-boys chess final 2017"]
[Site "Sochi"]
[Date "2017.05.03"]
[Round "3.1"]
[White "Galiev, Irek"]
[Black "Kopylov, Artem"]
[Result "0-1"]
[WhiteElo "1866"]
[BlackElo "1481"]
[PlyCount "110"]
[EventDate "2017.05.01"]

1. d4 d5 2. Nf3 Nf6 3. g3 e6 4. Bg2 Be7 5. O-O O-O 6. c4 c6 7. Qc2 b6 8. Nbd2
Bb7 9. e4 Na6 10. a3 Rc8 11. b4 dxc4 12. Nxc4 c5 13. e5 Nd5 14. dxc5 bxc5 15.
b5 Nac7 16. Rb1 Qd7 17. Qb3 Nb6 18. Rd1 Bd5 19. Nxb6 axb6 20. Ng5 h6 21. Ne4
Rfd8 22. Qb2 Qxb5 23. Qxb5 Nxb5 24. Rxb5 Bc4 25. Rxd8+ Rxd8 26. Rb1 Rd1+ 27.
Bf1 Rxf1+ 28. Kg2 Rd1 29. Nc3 Bf1+ 30. Kg1 Bd3+ 31. Nxd1 Bxb1 32. Nc3 Bd3 33.
a4 Kf8 34. f4 f6 35. Kf2 Ke8 36. Ke3 Bc4 37. Bb2 fxe5 38. fxe5 Bg5+ 39. Kf2 Bb3
40. Ke2 Kd7 41. Kd3 Kc6 42. h4 Be7 43. Ke4 c4 44. Kf4 Bc5 45. Ke4 Bf2 46. Kf3
Bd4 47. Ke4 Bxc3 48. Bxc3 Bxa4 49. Bb4 g6 50. Bf8 h5 51. Bb4 Kb5 52. Be1 Bb3
53. Kd4 Ka4 54. Bd2 Ba2 55. Be1 Kb3 0-1

[Event "Team junior-boys chess final 2017"]
[Site "Sochi"]
[Date "2017.05.03"]
[Round "3.2"]
[White "Kuznetsov, Sergey"]
[Black "Nesterov, Arseniy"]
[Result "0-1"]
[WhiteElo "1517"]
[BlackElo "2324"]
[PlyCount "108"]
[EventDate "2017.05.01"]

1. e4 e5 2. Nf3 Nc6 3. Bb5 a6 4. Ba4 Nf6 5. O-O b5 6. Bb3 Bc5 7. Nxe5 Nxe5 8.
d4 Bxd4 9. Qxd4 d6 10. c3 c5 11. Qe3 O-O 12. f4 Neg4 13. Qf3 Bb7 14. Bc2 Nh6
15. f5 Nhg4 16. Qg3 Re8 17. Bf4 Bxe4 18. Bxe4 Rxe4 19. Nd2 Re8 20. Rad1 c4 21.
Nf3 Qb6+ 22. Nd4 Re4 23. h3 Ne5 24. Bg5 Nh5 25. Qf2 h6 26. Bd2 Re8 27. f6 Nd3
28. Qf3 Rxd4 29. cxd4 Qxd4+ 30. Kh1 Qe5 31. Bc3 Ng3+ 32. Kg1 Qc5+ 33. Kh2 Nxf1+
34. Rxf1 g6 35. Qg4 b4 36. Bd4 Qd5 37. Qd7 Ra8 38. Bf2 c3 39. bxc3 bxc3 40. Kh1
Nxf2+ 41. Rxf2 c2 42. Rxc2 Qd1+ 43. Kh2 Qxc2 44. Qxd6 Qxa2 45. Qf4 Qe6 46. Qxh6
Qxf6 47. Qe3 a5 48. g4 a4 49. g5 Qd6+ 50. Kg2 Qd5+ 51. Kg3 Qb3 52. Kh4 Qxe3 53.
Kg4 Rb8 54. Kh4 Rb4# 0-1

[Event "Team junior-boys chess final 2017"]
[Site "Sochi"]
[Date "2017.05.03"]
[Round "3.2"]
[White "Tsoi, Dmitry"]
[Black "Sargsyan, Anatoly"]
[Result "1-0"]
[WhiteElo "2305"]
[BlackElo "1702"]
[PlyCount "65"]
[EventDate "2017.05.01"]

1. e4 c5 2. Nf3 Nc6 3. d4 cxd4 4. Nxd4 Qb6 5. Nb3 Nf6 6. Nc3 e6 7. Be3 Qc7 8.
a3 a6 9. f4 d6 10. Qf3 Be7 11. Be2 Rb8 12. g4 b5 13. g5 Nd7 14. h4 Nb6 15. h5
Bd7 16. g6 Bf6 17. e5 dxe5 18. Ne4 Be7 19. h6 fxg6 20. hxg7 Rg8 21. Rxh7 Nd5
22. Rh8 Kf7 23. f5 Kxg7 24. fxg6 Nf4 25. Rh7+ Kf8 26. Bxf4 exf4 27. Qh5 Qe5 28.
Nbc5 Bc8 29. O-O-O Qxh5 30. Rf7+ Ke8 31. Bxh5 Ne5 32. Nd3 Nc6 33. g7 1-0

[Event "Team junior-boys chess final 2017"]
[Site "Sochi"]
[Date "2017.05.03"]
[Round "3.2"]
[White "Pristavka, Petr"]
[Black "Murzin, Volodar"]
[Result "0-1"]
[WhiteElo "1511"]
[BlackElo "2315"]
[PlyCount "66"]
[EventDate "2017.05.01"]

1. d4 Nf6 2. Nf3 g6 3. Bg5 Bg7 4. Nbd2 d6 5. c3 O-O 6. e4 h6 7. Bh4 Nbd7 8. e5
Nd5 9. e6 fxe6 10. Bc4 c6 11. O-O e5 12. dxe5 Nxe5 13. Nxe5 dxe5 14. Qe2 Kh7
15. Rad1 Qc7 16. h3 Be6 17. Rfe1 Nf4 18. Qe3 Bd5 19. Bxd5 cxd5 20. Bg3 a6 21.
Nf3 e4 22. Nd4 e5 23. Bxf4 exf4 24. Qd2 Rae8 25. Nb3 Rf5 26. Rc1 Rg5 27. Red1
f3 28. g3 e3 29. Qe1 exf2+ 30. Qxf2 Re2 31. Qxf3 Rxg3+ 32. Kf1 Rxf3+ 33. Kxe2
Qf4 0-1

[Event "Team junior-boys chess final 2017"]
[Site "Sochi"]
[Date "2017.05.03"]
[Round "3.2"]
[White "Makoveev, Ilya"]
[Black "Gubarev, Vladislav"]
[Result "1-0"]
[WhiteElo "2246"]
[BlackElo "1399"]
[PlyCount "59"]
[EventDate "2017.05.01"]

1. e4 c5 2. Nf3 Nc6 3. d4 cxd4 4. Nxd4 Qb6 5. Nb3 Nf6 6. Nc3 e6 7. Bd3 a6 8.
O-O Be7 9. Be3 Qc7 10. f4 d6 11. Qf3 Rb8 12. Rae1 b5 13. Kh1 Nb4 14. e5 Nfd5
15. Nxd5 Nxd5 16. Bd4 Qd8 17. exd6 Qxd6 18. Bxg7 Rg8 19. Be5 Qb6 20. Bxh7 Rf8
21. Bxb8 Qxb8 22. Be4 Nf6 23. Bc6+ Bd7 24. Rd1 Qc7 25. Bxd7+ Nxd7 26. Rd2 Nb6
27. Rfd1 Nd5 28. Rxd5 exd5 29. Qxd5 Qd8 30. Qc6+ 1-0

[Event "Team junior-boys chess final 2017"]
[Site "Sochi"]
[Date "2017.05.03"]
[Round "3.3"]
[White "Tsvetkov, Andrey"]
[Black "Kirushin, Ivan"]
[Result "1/2-1/2"]
[WhiteElo "2066"]
[BlackElo "1640"]
[PlyCount "149"]
[EventDate "2017.05.01"]

1. d4 d5 2. c4 dxc4 3. Nf3 a6 4. e3 c5 5. Bxc4 e6 6. Bb3 Nf6 7. O-O Nc6 8. Nc3
Be7 9. Qe2 O-O 10. Rd1 Qc7 11. dxc5 Bxc5 12. Bd2 Bd7 13. Rac1 Ba7 14. Bc2 h6
15. Bb1 Rad8 16. Be1 Bc8 17. e4 Bb8 18. g3 Rxd1 19. Rxd1 Rd8 20. Rc1 Qe7 21.
Bd2 e5 22. Nd5 Qe6 23. Bc2 Nxd5 24. exd5 Qxd5 25. Bb3 Nd4 26. Nxd4 Qxd4 27. Ba5
Bg4 28. Qc2 b6 29. Bc3 Qd7 30. Re1 Bf3 31. Bc4 b5 32. Bf1 Ba8 33. Bg2 Bxg2 34.
Kxg2 Qc6+ 35. Qe4 Qxe4+ 36. Rxe4 f6 37. a4 Kf7 38. Re1 Bd6 39. Rd1 Ke7 40. axb5
axb5 41. Rd5 Rb8 42. Kf3 Ke6 43. Rd1 b4 44. Bd2 Rc8 45. Ke2 Rc2 46. Rb1 e4 47.
b3 Bc5 48. Rc1 Rxc1 49. Bxc1 Kd5 50. Bb2 Bd4 51. Bc1 f5 52. h4 Ke5 53. h5 Kf6
54. Bd2 Bc5 55. Bc1 g5 56. hxg6 Kxg6 57. Bf4 h5 58. Bd2 Kf6 59. Bc1 Ke5 60.
Bb2+ Bd4 61. Bc1 Kd5 62. Bd2 Bc3 63. Be3 Bf6 64. Bd2 Be7 65. Ke1 Kc5 66. Be3+
Kb5 67. Ke2 h4 68. gxh4 Bxh4 69. f3 Kc6 70. fxe4 fxe4 71. Bd2 Be7 72. Be3 Kd5
73. Bc1 Bf6 74. Bd2 Bc3 75. Be3 1/2-1/2

[Event "Team junior-boys chess final 2017"]
[Site "Sochi"]
[Date "2017.05.03"]
[Round "3.3"]
[White "Goncharova, Sofiya"]
[Black "Perov, German"]
[Result "0-1"]
[WhiteElo "1034"]
[BlackElo "1944"]
[PlyCount "62"]
[EventDate "2017.05.01"]

1. e4 c5 2. Nf3 Nc6 3. d4 cxd4 4. Nxd4 g6 5. Bc4 Bg7 6. Nxc6 bxc6 7. Qf3 e6 8.
O-O Ne7 9. Bg5 O-O 10. Nc3 d5 11. exd5 cxd5 12. Rad1 Bb7 13. Rfe1 f6 14. Bf4
Qc8 15. Bd6 dxc4 16. Qe3 Nf5 17. Qxe6+ Qxe6 18. Rxe6 Rfd8 19. Be7 Rxd1+ 20.
Nxd1 Kf7 21. Re2 Nxe7 22. Rd2 Nd5 23. c3 Re8 24. Ne3 Nxe3 25. fxe3 Rxe3 26.
Rd7+ Re7 27. Rd4 Bh6 28. Rxc4 Be3+ 29. Kf1 Ba6 30. Ke1 Bxc4 31. a3 Re5 0-1

[Event "Team junior-boys chess final 2017"]
[Site "Sochi"]
[Date "2017.05.03"]
[Round "3.4"]
[White "Kytin, Makar"]
[Black "Shubin, Kirill"]
[Result "1/2-1/2"]
[WhiteElo "2120"]
[BlackElo "2287"]
[PlyCount "55"]
[EventDate "2017.05.01"]

1. e4 e6 2. d4 d5 3. Bd3 dxe4 4. Bxe4 Nf6 5. Bf3 Nbd7 6. Be3 Bd6 7. Ne2 e5 8.
Nbc3 O-O 9. O-O exd4 10. Nxd4 Ne5 11. Ndb5 Nxf3+ 12. Qxf3 Be5 13. Rad1 Qe7 14.
h3 c6 15. Nd4 Qc7 16. Rfe1 Bd7 17. Nb3 b6 18. Bd4 Rae8 19. Ne4 Bxd4 20. Nxd4
Nxe4 21. Rxe4 c5 22. Nf5 Rxe4 23. Qxe4 Be6 24. Ne3 Kh8 25. Kh1 Kg8 26. Kg1 Kh8
27. Kh1 Kg8 28. Kg1 1/2-1/2

[Event "Team junior-boys chess final 2017"]
[Site "Sochi"]
[Date "2017.05.03"]
[Round "3.4"]
[White "Zemnitskiy, Alexander"]
[Black "Babakekhyan, Artem"]
[Result "0-1"]
[WhiteElo "2010"]
[BlackElo "1924"]
[PlyCount "60"]
[EventDate "2017.05.01"]

1. Nf3 Nf6 2. c4 g6 3. Nc3 d5 4. Qa4+ Bd7 5. Qb3 dxc4 6. Qxc4 Bg7 7. e4 Bc6 8.
e5 Nd5 9. d4 Qd7 10. Be2 O-O 11. O-O Rd8 12. Bg5 h6 13. Bd2 a6 14. Rfd1 Ra7 15.
Ne4 Bb5 16. Qc1 Bxe2 17. Re1 Bxf3 18. gxf3 Nc6 19. Kg2 Nxd4 20. Qc5 b6 21. Qc4
c5 22. b4 Qf5 23. bxc5 Qxf3+ 24. Kg1 Bxe5 25. cxb6 Qh3 26. f4 Nf3+ 27. Kf2 Bd4+
28. Be3 Nxe3 29. Rxe3 Bxe3+ 30. Kxe3 Ne5+ 0-1

[Event "Team junior-boys chess final 2017"]
[Site "Sochi"]
[Date "2017.05.03"]
[Round "3.4"]
[White "Grachev, Alexey"]
[Black "Ismagilov, Damir"]
[Result "1-0"]
[WhiteElo "2147"]
[BlackElo "2132"]
[PlyCount "73"]
[EventDate "2017.05.01"]

1. e4 c5 2. c4 Nc6 3. Ne2 Nd4 4. Nxd4 cxd4 5. d3 g6 6. g3 Bg7 7. Bg2 e6 8. O-O
Ne7 9. Na3 O-O 10. Nc2 d6 11. b4 Bd7 12. a4 a5 13. b5 e5 14. f4 Rc8 15. g4 f6
16. f5 g5 17. h4 h6 18. Qf3 Kf7 19. Kf2 Qb6 20. Ke2 Ke8 21. Ba3 Kd8 22. Rac1
Qc7 23. Rh1 b6 24. Rh3 Rb8 25. Qg3 Ra8 26. Nxd4 exd4 27. e5 fxe5 28. Bxa8 h5
29. Be4 hxg4 30. Qxg4 Nxf5 31. Rf3 Qc8 32. Rcf1 Ne3 33. Rxf8+ Bxf8 34. Rxf8+
Ke7 35. Qxg5+ Kxf8 36. Bxd6+ Kf7 37. Qg6# 1-0

[Event "Team junior-boys chess final 2017"]
[Site "Sochi"]
[Date "2017.05.03"]
[Round "3.4"]
[White "Khalikov, Bulat"]
[Black "Minachev, Maksim"]
[Result "0-1"]
[WhiteElo "1854"]
[BlackElo "1956"]
[PlyCount "114"]
[EventDate "2017.05.01"]

1. e4 c5 2. Ne2 Nc6 3. d4 cxd4 4. Nxd4 d6 5. Nc3 Nf6 6. Be2 g6 7. Be3 Bg7 8. f3
Bd7 9. Qd2 a6 10. a4 O-O 11. g4 Nxd4 12. Bxd4 Bc6 13. h4 e5 14. Be3 d5 15. g5
d4 16. gxf6 Bxf6 17. Nd5 dxe3 18. Nxf6+ Qxf6 19. Qxe3 Rfd8 20. Bd3 h5 21. Ke2
Rd4 22. b3 Rad8 23. Rag1 Kf8 24. Qg5 Qd6 25. Rd1 b5 26. Qh6+ Ke7 27. Qe3 Qb4
28. Qg5+ Ke6 29. Kf2 Qc5 30. Kg3 Be8 31. axb5 Bxb5 32. Bxb5 axb5 33. b4 Qxb4
34. c3 Qxc3 35. Rc1 Qd2 36. Rc6+ R8d6 37. Rxd6+ Rxd6 38. Qxd2 Rxd2 39. Rb1 f5
40. Rxb5 f4+ 41. Kh3 Rf2 42. Rxe5+ Kf6 43. Ra5 Rxf3+ 44. Kg2 Rg3+ 45. Kf2 Rg4
46. Kf3 Rxh4 47. Ra6+ Kg7 48. Ra7+ Kh6 49. e5 Kg5 50. Ke4 Rh3 51. e6 Re3+ 52.
Kd5 f3 53. Rf7 Kg4 54. Kd6 g5 55. e7 h4 56. Rf6 Rxe7 57. Kxe7 h3 0-1

[Event "Team junior-boys chess final 2017"]
[Site "Sochi"]
[Date "2017.05.03"]
[Round "3.5"]
[White "Mochalin, Faddey"]
[Black "Grigoriants, Boris"]
[Result "1-0"]
[WhiteElo "1994"]
[BlackElo "1731"]
[PlyCount "51"]
[EventDate "2017.05.01"]

1. e4 d5 2. exd5 Nf6 3. Nf3 Nxd5 4. d4 Bg4 5. c4 Nb6 6. Be2 Nc6 7. Nc3 g6 8. d5
Bxf3 9. gxf3 Ne5 10. f4 Ned7 11. c5 Nc8 12. Qd4 Nf6 13. Bb5+ c6 14. dxc6 Qxd4
15. cxb7+ Nd7 16. bxa8=Q Qxc5 17. Qb7 Ncb6 18. Bxd7+ Nxd7 19. Qa8+ Nb8 20.
Qxb8+ Kd7 21. Be3 Qc6 22. Rd1+ Qd6 23. Rxd6+ exd6 24. Qb7+ Ke6 25. Qc8+ Kf6 26.
Bd4+ 1-0

[Event "Team junior-boys chess final 2017"]
[Site "Sochi"]
[Date "2017.05.03"]
[Round "3.5"]
[White "Babayan, Arman S"]
[Black "Bobkov, Vadim"]
[Result "0-1"]
[WhiteElo "1746"]
[BlackElo "1894"]
[PlyCount "48"]
[EventDate "2017.05.01"]

1. Nf3 d5 2. d4 Nf6 3. e3 c5 4. Be2 Nc6 5. O-O Bg4 6. b3 e6 7. Bb2 Bd6 8. Nbd2
cxd4 9. Nxd4 Nxd4 10. Bxg4 Nxc2 11. Bxf6 Qxf6 12. Qxc2 Qh4 13. Bh3 g5 14. Qc3
Rg8 15. f3 h5 16. Qf6 Be7 17. Qe5 g4 18. fxg4 hxg4 19. Rf4 Qg5 20. Qc7 gxh3 21.
g3 Rd8 22. Raf1 Rg7 23. Qxb7 Bd6 24. Nf3 Qh5 {çàïèñü íåðàçáîð~~èâà} 0-1

[Event "Team junior-boys chess final 2017"]
[Site "Sochi"]
[Date "2017.05.03"]
[Round "3.5"]
[White "Bratchikov, Vladislav"]
[Black "Terzyan, Nazar"]
[Result "1-0"]
[WhiteElo "1894"]
[BlackElo "1715"]
[PlyCount "79"]
[EventDate "2017.05.01"]

1. d4 d5 2. Nf3 Nf6 3. g3 e6 4. Bg2 Bd6 5. O-O b6 6. c4 Bb7 7. Nc3 O-O 8. Bf4
Bxf4 9. gxf4 Nbd7 10. Qc2 c5 11. cxd5 exd5 12. dxc5 bxc5 13. Ne5 Re8 14. Nd3
Qc7 15. Rfd1 c4 16. Nb4 Qxf4 17. Nbxd5 Bxd5 18. Nxd5 Nxd5 19. Rxd5 Nf6 20. Rf5
Qg4 21. e3 Rad8 22. Rf4 Qg5 23. Rxc4 Ng4 24. Rf4 Re6 25. Qc7 Rf8 26. h3 Ne5 27.
Kh2 Rh6 28. Rg1 Ng6 29. Rd4 Nh4 30. Be4 Qh5 31. Qg3 g6 32. b4 Rc8 33. Rd5 f5
34. Bg2 f4 35. Qxf4 Qe2 36. Rd7 Nf5 37. Bf1 Qc2 38. Bd3 Qc6 39. Bxf5 Rf8 40.
Qxh6 1-0